<?xml version="1.0" encoding="UTF-8"?>
<marc:record xmlns:marc="http://www.loc.gov/MARC21/slim">
   <marc:leader>00000nam a2200000 a 4500</marc:leader>
   <marc:datafield ind1="1" ind2=" " tag="100">
      <marc:subfield code="a">Pradas, Nuria</marc:subfield>
      <marc:subfield code="4">aut</marc:subfield>
      <marc:subfield code="e">Verfasser/-in</marc:subfield>
   </marc:datafield>
   <marc:datafield ind1="0" ind2="0" tag="245">
      <marc:subfield code="a">Der Boulevard der Träume</marc:subfield>
   </marc:datafield>
   <marc:datafield ind1="0" ind2="0" tag="245">
      <marc:subfield code="b">Roman</marc:subfield>
   </marc:datafield>
   <marc:datafield ind1="0" ind2="0" tag="245">
      <marc:subfield code="c">Núria Pradas</marc:subfield>
   </marc:datafield>
   <marc:datafield ind1=" " ind2="1" tag="264">
      <marc:subfield code="a">München</marc:subfield>
      <marc:subfield code="b">Penguin</marc:subfield>
      <marc:subfield code="c">2021</marc:subfield>
   </marc:datafield>
   <marc:datafield ind1=" " ind2=" " tag="250">
      <marc:subfield code="a">Deutsche Erstausgabe</marc:subfield>
   </marc:datafield>
   <marc:datafield ind1="1" ind2=" " tag="520">
      <marc:subfield code="a">Angaben aus der Verlagsmeldung

Der Boulevard der Träume : Roman Tota una vida per recordar / von Núria Pradas

Schillerndes Hollywood. Bewegte Zeiten. Und eine Frau, die für ihren Herzenswunsch kämpft.

Los Angeles, 1932. Die selbstbewusste junge New Yorkerin Sophie Simmons folgt ihrem Herzen nach Hollywood: Sie träumt von einer erfolgreichen Zukunft als Trickfilmzeichnerin. In der Filmwelt Fuß zu fassen, scheint zunächst aussichtslos, doch Sophie lässt sich nicht entmutigen. Als sie eine Anstellung bei Walt Disney findet, muss sie jedoch feststellen, dass die glamouröse Welt der Filmstudios ihre Schatten birgt – besonders für die weiblichen Angestellten. Allen Widerständen und Enttäuschungen zum Trotz verliert Sophie weder die Hoffnung auf eine große Karriere noch ihren unerschütterlichen Glauben an die wahre Liebe. Während zwei Männer um den Platz in ihrem Herzen kämpfen, gerät sie im Filmstudio zwischen die Fronten – und plötzlich muss sie eine Entscheidung treffen, die ihre ganze Welt auf den Kopf stellt.

</marc:subfield>
   </marc:datafield>
   <marc:datafield ind1=" " ind2=" " tag="020">
      <marc:subfield code="a">9783328107415</marc:subfield>
      <marc:subfield code="9">9783328107415</marc:subfield>
   </marc:datafield>
   <marc:datafield ind1=" " ind2=" " tag="020">
      <marc:subfield code="a">332810741X</marc:subfield>
      <marc:subfield code="9">332810741X</marc:subfield>
   </marc:datafield>
   <marc:datafield ind1=" " ind2=" " tag="041">
      <marc:subfield code="a">ger</marc:subfield>
   </marc:datafield>
   <marc:datafield ind1=" " ind2=" " tag="300">
      <marc:subfield code="a">432 Seiten</marc:subfield>
   </marc:datafield>
</marc:record>
